000 01292nam a2200361 a 4500
001 000112045
003 CHAP
005 20220329144243.0
008 151124s2015 mx a fsm |||||||spa d
010 _a108506
011 _a109478
040 _cCHAP
090 _aTesis
100 1 _aChamorro Cobaxin, Baruch Xocoyotzin
_9130122
245 1 0 _aEcología de la población silvestre de Bursera linanoe (La Llave) Rzed., Calderón & Medina en Xochipala, Morelos
_h[En línea]
_cpor Baruch Xocoyotzin Chamorro Cobaxin.
260 _aChapingo, Méx. :
_bEl autor,
_c2015.
500 _aPara ver el contenido del material haga clic en la liga
502 _aTesis (Ing. en Agroecología) -- UACH. Departamento de Agroecología
590 _aBATCH-UPD
_b05
_c20151124
_lUCH01
_h1337
590 _aBATCH
_b00
_c20181121
_lUCH01
_h0759
590 _aE5995AHE
_b05
_c20151124
_lUCH01
_h1336
590 _aE5995AHE
_b05
_c20151124
_lUCH01
_h1336
590 _aE5995AHE
_b05
_c20151125
_lUCH01
_h0743
650 1 4 _aAutoecología.
_9130124
650 1 4 _aBursera.
_916284
650 1 4 _aCambio climático.
_917781
650 1 4 _aLinaloe.
_966894
856 _a1
_n0001549
856 _aFinding aid
_uhttp://10.13.5.2/tesis/sist112045.pdf
_zTeclea aquí
901 _aBK
942 _cTESIS
942 _n0
999 _c108506
_d108506